[Event "Neumarkt am Wallersee op 15th"]
[Site "Neumarkt am Wallersee"]
[Date "2016.08.26"]
[Round "7"]
[White "Eiter, Meinhart"]
[Black "Miesenberger, Wolfgang"]
[Result "1/2-1/2"]
[WhiteElo "1963"]
[BlackElo "1578"]
[PlyCount "48"]
[EventDate "2016.08.20"]
[EventType "swiss"]
[EventRounds "9"]
[EventCountry "AUT"]
[SourceTitle "CBM 174 Extra"]
[Source "ChessBase"]
[SourceDate "2016.10.10"]
[SourceVersion "1"]
[SourceVersionDate "2016.10.10"]
[SourceQuality "1"]

1. Nf3 Nf6 2. e3 g6 3. c4 Bg7 4. Nc3 d5 5. cxd5 Nxd5 6. Qb3 Nxc3 7. bxc3 0-0 8. a4 c5 9. Ba3 Qc7 10. Be2 Be6 11. Qc2 Rd8 12. Ng5 Bd5 13. 0-0 h6 14. e4 hxg5 15. exd5 Rxd5 16. Bc4 Rf5 17. Rab1 Nd7 18. d4 cxd4 19. cxd4 Rc8 20. Rfc1 e6 21. Qd2 Qb8 22. a5 Rf4 23. Bb2 Qd6 24. g3 Rf5 1/2-1/2